Pubs In Chichester - Statistics

General Stats
  • This quiz has been taken 23 times
  • The average score is 9 of 17
Answer Stats
Answer % Correct
Chantry
94%
Vestry
88%
Dolphin and Anchor
82%
Foundry
82%
Duke and Rye
76%
Old Cross
76%
Crate and Apple
65%
George and Dragon
65%
Fountain
59%
Trents
59%
Richmond
35%
Hole in the wall
29%
The Bell Inn
29%
The four chesnuts
29%
Eastgate
24%
Park tavern
18%
The Wickham Arms
0%
No matching quizzes found
Score Distribution
Percent of People with Each Score
Percentile by Number Answered
Your Score History
You have not taken this quiz